Desarrollo de habilidades en niños pequeños

Saved in:
Bibliografiske detaljer
Main Authors: Secadas Marcos, Francisco (Author), Sánchez, Serafina (Author), Román, José María (Author)
Format: Bog
Sprog:spansk
Udgivet: Madrid Pirámide 2000
Serier:Colección Ojos Solares. Sección Desarrollo
Fag:
Tags: Tilføj Tag
Ingen Tags, Vær først til at tagge denne postø!

MARC

LEADER 00000nam a2200000 a 4500
001 UCM4831
003 CL-VaPUC
008 020906e20000000SP |||||||||||||||||spa|d
082 0 4 |a 155.423  |b SEC  |2 21 
100 0 |a Secadas Marcos, Francisco  |e author  |9 471244 
700 0 |a Sánchez, Serafina  |e author  |9 471245 
700 0 |a Román, José María  |e author  |9 471246 
245 1 0 |a Desarrollo de habilidades en niños pequeños 
300 |a 269 p 
942 |c BK 
945 |d 20020906 00:00:00  |a cmena 
260 |a Madrid  |b Pirámide  |c 2000 
650 0 |a Psicología del niño  |9 307305 
650 0 |a Psicología del desarrollo  |9 307541 
650 0 |a Inteligencia  |9 267038 
650 0 |a Desarrollo del lenguaje   |9 311270 
650 0 |a Desarrollo afectivo  |9 334359 
650 0 |a Emociones   |9 265224 
650 0 |a Percepción   |9 266750 
650 0 |a Aprendizaje   |9 254827 
650 0 |a Memoria  |9 266549 
650 0 |a Procesos mentales superiores  |9 330839 
583 |a last modification  |c 20020906 00:00:00  |k Rodrigo Vera 
490 0 |a Colección Ojos Solares. Sección Desarrollo 
999 |c 301294  |d 301292 
952 |0 0  |1 0  |4 0  |6 155_423000000000000_SEC_2000  |7 0  |8 A  |9 360123  |a BIBEDU  |b BIBEDU  |d 2019-11-21  |i 3832988  |o 155.423 SEC 2000  |p 3832988  |r 2019-11-21  |w 2019-11-21  |y BK  |k EDU